| 000 | 00487cam a2200181ua 4500 | ||
|---|---|---|---|
| 999 |
_c10559 _d10559 |
||
| 003 | OSt | ||
| 008 | 180917b ||||| |||| 00| 0 eng d | ||
| 020 | _a0582305357 | ||
| 082 |
_a621.4021 _bEAS/AP |
||
| 100 |
_aEastop, T.D. _93311 |
||
| 245 | _aApplied thermodynamics for engineering technologists / | ||
| 250 | _a4 / | ||
| 260 |
_a : _bLongman scientific and technical , _c1986. |
||
| 300 |
_a900 : _b506 ; . |
||
| 500 | _a*CSS | ||
| 700 | 1 |
_aMcConkey, A . _93312 |
|
| 942 | _cBK | ||